| 000 | 00750nam a2200229 i 4500 | ||
|---|---|---|---|
| 001 | 183941 | ||
| 003 | ES-MaACL | ||
| 005 | 20230906222015.0 | ||
| 008 | 141205s1971 sp |||| |dspa d | ||
| 080 | _a946.301"12/13"(093.32) | ||
| 100 | 1 |
_aLoaisa, Jofré de. _972987 |
|
| 245 | 1 | 0 |
_aCrónica / _cJofré de Loaísa ; estudio preliminar, edición e índices por Agustín Ubieto Arteta. |
| 260 |
_aValencia : _bAnubar, _c1971. |
||
| 300 |
_a66 p. ; _c22 cm. |
||
| 490 | 1 |
_aTextos medievales ; _v30 |
|
| 500 | _aÍndices. | ||
| 651 | 7 |
_aCastilla (Reino)- _xHistoria. _97987 |
|
| 700 | 1 |
_aUbieto Arteta, Agustín. _9111842 |
|
| 830 | 0 |
_aTextos medievales ; _v30 _9179970 |
|
| 852 |
_aES-MaACL _jE-15443 _z- enc. tela |
||
| 999 |
_c183941 _d183941 |
||